000
00315nam a22001337a 4500
003
SGT
082
_a
617.632
_b
F16J
100
_a
JAYASHREE, KASSAL
245
_a
FAILURES IN DENTAL IMPLANTS
260
_a
DELHI NCR
_b
SGT UNIVERSITY GURUGRAM
_c
2016
300
_a
1-59
650
_a
PERIODONTICS
942
_2
ddc
_c
TH
999
_c
19035
_d
19035